02123nam a2200349 450000100030000000300040000300500170000700800410002404000080006504100130007308200150008610000390010124000240014024501050016425000200026926000320028930000110032149000340033250000230036652011810038965000250157065000140159565000130160965000130162265000150163565000210165065000100167165500120168165500160169370000300170983000340173964OSt20250528074010.0250123b |||||||j |||| 00| 1 eng d bpor hengapor a813bB811b1 aBradley, Marion Zimmer,d1930-1999 aThe Mists of Avalon aAs brumas de Avalon:bA senhora da magia /cBradley, Marion Zimmer ; Tradução de Waltensir Dutra a16° edição aRio de JaneirobImagoc1985 a280 p.1 aAs Brumas de Avalonvlivro 01 aA senhora da magia aGrande clássico da literatura mundial retrata a mítica história do rei Artur a partir da perspectiva de mulheres mágicas e poderosas. Por séculos, as lendas arturianas povoaram o imaginário de leitores de todo o mundo. As Brumas de Avalon é considerado por muitos a versão literária definitiva do mito e muitas gerações de mulheres se deixaram arrebatar pela escrita envolvente de Marion Zimmer Bradley. Pelos olhos de mulheres complexas e poderosas como Morgana das Fadas, Viviane, a Senhora do Lago, Igraine, Morgause e Gwenhwyfar, os reinos de Camelot e de Avalon são revisitados neste clássico, repleto de magia, sensibilidade e intrigas. Uma releitura monumental das lendas arturianas... Ler As Brumas de Avalon é uma experiência profundamente tocante, e muitas vezes fantástica. Um resultado impressionante. - THE NEW YORK TIMES BOOK REVIEW O enredo elaborado com maestria e a escrita maravilhosa de As Brumas de Avalon jogam nova luz a antigos personagens, em especial Morgana das Fadas, Merlim, Lancelote e Gwenhwyfar. Um romance épico, com violência, ambição, lealdades dolorosas e feitiços assombrosos. - PUBLISHERS WEEKLY 0aLiteratura Americana 0aMedieval  0aFantasia 0aAventura 0aMitologia  0aSeres mágicos  0aFilme 0aRomance 0aFicção  aWaltensir DutraeTradutor aAs Brumas de AvalonvLivro 01